Farmhouses bliss or curse / (Record no. 76940)

MARC details
000 -LEADER
fixed length control field 00545nam a22001817a 4500
005 - DATE AND TIME OF LATEST TRANSACTION
control field 20130625112254.0
010 ## - LCCN (DPL NO)
LC control number ENG-107731
020 ## - INTERNATIONAL STANDARD BOOK NUMBER
International Standard Book Number 8186724084
Terms of availability 995.00
035 ## - SYSTEM CONTROL NUMBER
System control number EN-91264
037 ## - SOURCE OF ACQUISITION
Source of stock number/acquisition DBAD/PUB
100 ## - MAIN ENTRY--PERSONAL NAME
Personal name Kaushik, Satya Parkash
245 ## - TITLE STATEMENT
Title Farmhouses bliss or curse /
Statement of responsibility, etc by Satya Parkash Kaushik
260 ## - PUBLICATION, DISTRIBUTION, ETC. (IMPRINT)
Place of publication, distribution, etc Haryana
Name of publisher, distributor, etc Nirmal Book Agency
Date of publication, distribution, etc 2013
270 ## - ADDRESS
Address Opp. Kurukshetra University IIIrd Gate,
City Kurukshetra
Postal code 136119
300 ## - PHYSICAL DESCRIPTION
Extent xxviii,260p. :
Dimensions 22cm(Hb)
Other physical details ill.
500 ## - GENERAL NOTE
General note Includes references
942 ## - ADDED ENTRY ELEMENTS (KOHA)
Source of classification or shelving scheme Dewey Decimal Classification
Item type English Books
Call number suffix KAU
Holdings
Withdrawn status Lost status Not for loan Collection code Home library Current library Date acquired Source of acquisition Cost, normal purchase price Full call number Barcode Copy number Cost, replacement price Koha item type
    Not For Loan Non-fiction D.B.Act.Division D.B.Act.Division 25/06/2013 DBAD/PUB 995.00 KAU EN-91264 1 995.00 English Books

© Delhi Public Library
Hit Counter
free hit counter